Vývoj indexu ľudského rozvoja v krajinách EÚ v závislosti od priamych zahraničných investícií diplomová práca

Saved in:
Bibliographic Details
Main Author: Kmotorka, Martin
Corporate Author: Fakulta hospodárskej informatiky EU. Katedra aplikovanej informatiky
Other Authors: Ondrejková, Anna
Format: Book
Language:Slovak
Published: Bratislava 2020
Tags: Add Tag
No Tags, Be the first to tag this record!

MARC

LEADER 00000nbm a2200000 4500
001 0266856
005 20210512105817.5
041 0 |a slo 
044 |a SK 
245 1 0 |a Vývoj indexu ľudského rozvoja v krajinách EÚ v závislosti od priamych zahraničných investícií  |b diplomová práca  |c Martin Kmotorka ; školiteľ: Anna Ondrejková 
264 1 |a Bratislava  |c 2020 
300 |a 77 s. 
100 1 |a Kmotorka, Martin 
700 1 |a Ondrejková, Anna 
710 2 |a Fakulta hospodárskej informatiky EU. Katedra aplikovanej informatiky